<?xml version="1.0" encoding="UTF-8"?>
<record
    xmlns:xsi="http://www.w3.org/2001/XMLSchema-instance"
    xsi:schemaLocation="http://www.loc.gov/MARC21/slim http://www.loc.gov/standards/marcxml/schema/MARC21slim.xsd"
    xmlns="http://www.loc.gov/MARC21/slim">

  <leader>00777nam a22001937a 4500</leader>
  <datafield tag="999" ind1=" " ind2=" ">
    <subfield code="c">166515</subfield>
    <subfield code="d">166515</subfield>
  </datafield>
  <datafield tag="010" ind1=" " ind2=" ">
    <subfield code="a">ENG-126087</subfield>
  </datafield>
  <datafield tag="020" ind1=" " ind2=" ">
    <subfield code="a">978-93-8546-290-0</subfield>
    <subfield code="c">995.00</subfield>
  </datafield>
  <datafield tag="035" ind1=" " ind2=" ">
    <subfield code="a">EN-109619</subfield>
  </datafield>
  <datafield tag="037" ind1=" " ind2=" ">
    <subfield code="b">DBAD/PUB</subfield>
  </datafield>
  <datafield tag="082" ind1=" " ind2=" ">
    <subfield code="a">615.19</subfield>
  </datafield>
  <datafield tag="100" ind1=" " ind2=" ">
    <subfield code="a">Akhter, Mymoona and Alam, M.Mumtaz</subfield>
  </datafield>
  <datafield tag="245" ind1=" " ind2=" ">
    <subfield code="a">Physical pharmacy and instrumental methods of analysis</subfield>
    <subfield code="c">by Mymoona Akhter and M. Mumtaz Alam</subfield>
  </datafield>
  <datafield tag="260" ind1=" " ind2=" ">
    <subfield code="a">New Delhi</subfield>
    <subfield code="b">Ane Books Pvt. Ltd.</subfield>
    <subfield code="c">2018</subfield>
  </datafield>
  <datafield tag="270" ind1=" " ind2=" ">
    <subfield code="a">4821, Parwana Bhawan, 1st floor, 24 Ansari Road, Darya Ganj,</subfield>
    <subfield code="b">New Delhi</subfield>
    <subfield code="e">110002</subfield>
    <subfield code="k">+91(011)23276843-44</subfield>
    <subfield code="m">www.anebooks.com; kapoor@anebooks.com</subfield>
    <subfield code="l">+91(001)23276863</subfield>
  </datafield>
  <datafield tag="300" ind1=" " ind2=" ">
    <subfield code="a">225p.</subfield>
    <subfield code="b">24cm(hb)</subfield>
    <subfield code="c">ill.</subfield>
  </datafield>
  <datafield tag="500" ind1=" " ind2=" ">
    <subfield code="a">its include table and figure</subfield>
  </datafield>
  <datafield tag="700" ind1=" " ind2=" ">
    <subfield code="a">Mymoona Akhter and M.Mumtaz Alam</subfield>
  </datafield>
  <datafield tag="942" ind1=" " ind2=" ">
    <subfield code="2">ddc</subfield>
    <subfield code="c">EN</subfield>
    <subfield code="h">615.19</subfield>
    <subfield code="m">AKH</subfield>
  </datafield>
  <datafield tag="952" ind1=" " ind2=" ">
    <subfield code="0">0</subfield>
    <subfield code="1">0</subfield>
    <subfield code="4">0</subfield>
    <subfield code="7">0</subfield>
    <subfield code="8">NFIC</subfield>
    <subfield code="a">BN</subfield>
    <subfield code="b">BN</subfield>
    <subfield code="d">2019-07-26</subfield>
    <subfield code="e">DBAD/PUB</subfield>
    <subfield code="g">995.00</subfield>
    <subfield code="l">1</subfield>
    <subfield code="m">1</subfield>
    <subfield code="o">615.19 AKH</subfield>
    <subfield code="p">EN-109619</subfield>
    <subfield code="r">2022-05-10 00:00:00</subfield>
    <subfield code="s">2022-04-12</subfield>
    <subfield code="t">1</subfield>
    <subfield code="v">995.00</subfield>
    <subfield code="y">EN</subfield>
  </datafield>
</record>
